1230 1220 1664 1114 1966 1885 1815 1084 1001 1421 1386 1128 1021 1643 1672 1623 1244 1824 1022 1614 1987 1277 1487 1054 1382 1693 1899 1320 1940 1533 1864 1513 1999 1016 1275 1008 1130 1062 1648 1104 1592 1797 1618 1411 1080 1168 1098 1052 1018 1117 1700 1554 1412 1446 1734 1089 1347 1817 1003 1522 1172 1027 1372 1368 1149 1684 1611 1678 1855 1083 1674 1915 1059 1986 1961 1146 1198 1403 1253 1961 1256 1251 1883 1891 1052 1326 1147 1747 1973 1269 1239 1065 1588 1007 1240 1244 1613 1364 1424 BCNSPRNW ULIB Ver.6.0+V

เปลี่ยนเป็นภาษาไทย

Change to English
 แสดงรายละเอียดบรรณานุกรม
  กลับหน้าหลัก

Brief Record : Get Marc (ISO 2709) : E-mail record : QR code < ปิดหน้าต่าง
LEADER : 00000nam 2200000uu 4500
001    13399120997
003     ULIB
008    120706s2546||||th 000 0 tha d
020    ^a9789749656020
020    9749656024
090    ^aนว.^bร930ฮ ล.5
100 0  ^aโรว์ลิ่ง, เจ.เค.
245 00 ^aแฮร์รี่ พอตเตอร์ กับพาคีนกฟินิกซ์ เล่ม5/^cโรว์ลิ่ง, เจ.เค.
250    ^aพิมพ์ครั้งที่ 18
260    ^aกรุงเทพฯ :^bนานมีบุ๊คส์,^c2546
300    ^a1047 หน้า
710 1  ^aนานมีบุ๊คส์
945    ^p495^l0^i14053
995    ^aกัณชพร
999    ^aใช้งานได้ทุกระบบ
รายการนี้ยังไม่มีแท็ก
คุณยังไม่ได้ล็อกอิน คุณสามารถมีกิจกรรมร่วมกับเว็บไซต์ได้ แต่ต้องล็อกอินก่อน ::
  ล็อกอิน

รายการสื่อสารสนเทศ

ลำดับที่ ประเภท เลขเรียก/บาร์โค้ด สถานที่ สถานะ
1. นวนิยาย
นวนิยาย
นว. ร930ฮ ล.5 ฉ.1 
  Barcode: 14053
ห้องสมุดวิทยาเขตสวรรค์ประชารักษ์
►นวนิยาย
บนชั้น
  ขอยืม

รายการใกล้เคียง
    ผู้แต่ง [โรว์ลิ่ง, เจ.เค.]

BibComment


ยังไม่เคยถูกคอมเมนท์

คอมเมนท์ทรัพยากรรายการนี้
  คอมเมนท์: แฮร์รี่ พอตเตอร์..


 Copyright 2026. Bcnsprnw @Library